000
00339nam a2200133Ia 4500
008
220216s9999 xx 000 0 und d
100
_a
Wright J M
245
0
_a
Vulcanisation of rubber with m-Dinitrobenzene
260
_b
IRI Transactions
_c
1936
300
_a
183-196
650
_a
m-Dinitration
650
_a
Vulcanisation
942
_c
JS
999
_c
72242
_d
72242